Rzeki w Rosji - nagła śmierć - Statystyki

Ogólne statystyki
  • Ten quiz został rozwiązany 86 razy
  • Średni wynik to 8 z 17
Answers on the Grid
Answers color-coded by a green-red scale on the quiz's grid according to % correct below.
Ałdan
Amur
Cisa
Dniestr
Dolna Tunguzka
Don
Dunaj
Irtysz
Jenisej
Kołyma
Lena
Łyna
Ob
Oka
Oleniok
Peczora
Prut
Rzeka Czarna
Rzeka Perłowa
Saluin
Syr-daria
Tarym
Tygrys
Ural
Wiluj
Witim
Wołga
 
Statystyki odpowiedzi
Odpowiedź % Poprawnych
Amur
77%
Ob
72%
Lena
69%
Irtysz
67%
Jenisej
67%
Don
64%
Wołga
62%
Ural
56%
Kołyma
51%
Peczora
51%
Oka
46%
Dolna Tunguzka
38%
Ałdan
33%
Oleniok
26%
Łyna
21%
Wiluj
18%
Witim
18%
Nie znaleziono quizów pasujących do podanych kryteriów
Rozkład punktacji
Procent ludzi z każdym wynikiem
Percentyl według liczby udzielonych odpowiedzi
Twoja historia wyników
Nie rozwiązałeś tego quizu